UBT Library

Virulence mechanisms of bacterial pathogens / (Record no. 47065)

000 -LEADER
fixed length control field 00610cam a2200229 a 4500
001 - CONTROL NUMBER
control field 4314617
005 - DATE AND TIME OF LATEST TRANSACTION
control field 20180813085646.0
008 - FIXED-LENGTH DATA ELEMENTS--GENERAL INFORMATION
fixed length control field 871015s1988 dcua b 101 0 eng c
010 ## - LIBRARY OF CONGRESS CONTROL NUMBER
LC control number 87030833
020 ## - INTERNATIONAL STANDARD BOOK NUMBER
International Standard Book Number 0914826999
040 ## - CATALOGING SOURCE
Original cataloging agency DNLM/DLC
Transcribing agency DLC
Modifying agency DLC
041 ## - LANGUAGE CODE
Language code of text/sound track or separate title eng
060 ## - NATIONAL LIBRARY OF MEDICINE CALL NUMBER
Classification number QW 730 V821 1987
080 ## - UNIVERSAL DECIMAL CLASSIFICATION NUMBER
Universal Decimal Classification number 616.014
082 00 - DEWEY DECIMAL CLASSIFICATION NUMBER
Classification number 616.014
Edition number 19
100 ## - Rafti
Rafti 11
101 ## - Shkurtesa
Shkurtesa MIK
245 00 - TITLE STATEMENT
Title Virulence mechanisms of bacterial pathogens /
Statement of responsibility, etc James A. Roth, editor.
504 ## - BIBLIOGRAPHY, ETC. NOTE
Bibliography, etc Includes bibliographies and index.
906 ## - LOCAL DATA ELEMENT F, LDF (RLIN)
a 7
b cbc
c orignew
d 1
e ocip
f 19
g y-gencatlg
942 ## - ADDED ENTRY ELEMENTS (KOHA)
Source of classification or shelving scheme
Item type Books
Holdings
Withdrawn status Lost status Source of classification or shelving scheme Damaged status Not for loan Collection code Permanent location Current location Shelving location Date acquired Total Checkouts Full call number Barcode Date last seen Price effective from Koha item type
          Koleksioni i përgjithshem UBT - Lipjan UBT - Lipjan Koleksioni i përgjithshem 08/13/2018   616.014 ROT 002-3010873 08/13/2018 08/13/2018 Books
UBT Library © 2015-2024. All rights reserved University Education for Business and Technology